000 00551nam a22001697a 4500
005 20120807101659.0
020 _a8183280838
_c995.00
037 _adpl
_bBPPD
100 _aNarang, Gagan
_950827
245 _aThe Commonwealth Journey :
_bfrom Melbourne to New Delhi /
_cby Gagan Narang and Sunil Yas Kalra
260 _aNew Delhi
_bWisdom Tree
_c2007
270 _a4779/23, Ansari Road, Darya Ganj
_bNew Delhi
_e110002
300 _a111p.
_bcol.ill
_c27cm(pbk)
700 _aKalra Sunil Yash
_950826
942 _2ddc
_cEN
_mNAR
999 _c68922
_d68922